00441nam a22001577a 450000500170000001000150001702000260003203500130005803700130007108200100008410000260009424500660012026000340018627000420022030000210026220140922113805.0 aENG-110844 a9788184302233c400.00 aEN-94376 bDBAD/PUB a230.1 aReejhsinghani, Aroona aWhen lord Krishna walked the earth /cby Aroona Reejhsinghani aNew DelhibOcean Books c2013 a4/19 Asaf Ali roadbNew Delhie110002 a272p. c22cm(Hb)